Statistics for Famous Bald People

Click here to take the quiz!

General Stats

  • This quiz has been taken 72 times
  • The average score is 15 of 32

Answer Stats

Answer% Correct
Dwayne Johnson
98%
Mahatma Gandhi
95%
Alfred Hitchcock
80%
Dalai Lama
80%
Mikhail Gorbachev
77%
Vin Diesel
76%
Ben Kingsley
70%
Patrick Stewart
70%
Sinead O'Connor
65%
Pablo Picasso
64%
Andre Agassi
59%
Zinedine Zidane
56%
Benito Mussolini
55%
George Foreman
52%
Terry Crews
50%
Yul Brynner
47%
Ben Johnson
45%
Ronaldo
45%
Ed Harris
42%
Floyd Mayweather Jr.
41%
Larry David
41%
Kareem Abdul-Jabbar
38%
Telly Savalas
36%
Heston Blumenthal
30%
JK Simmons
29%
Billy Corgan
12%
Michael Williams
11%
Michel Foucault
11%
Peter Garrett
9%
Jonathan Banks
8%
Henry Miller
6%
Vladimir Nabokov
5%

Score Distribution

Percentile by Number Answered

Percent of People with Each Score

Your Score History

You have not taken this quiz